<?xml version="1.0" encoding="UTF-8"?>
<record
    xmlns:xsi="http://www.w3.org/2001/XMLSchema-instance"
    xsi:schemaLocation="http://www.loc.gov/MARC21/slim http://www.loc.gov/standards/marcxml/schema/MARC21slim.xsd"
    xmlns="http://www.loc.gov/MARC21/slim">

  <leader>00932cam a22002531  4500</leader>
  <controlfield tag="001">sa 65010288 </controlfield>
  <controlfield tag="003">DLC</controlfield>
  <controlfield tag="005">20260227112207.0</controlfield>
  <controlfield tag="008">790409s1961    ii ab         000 0 eng  </controlfield>
  <datafield tag="010" ind1=" " ind2=" ">
    <subfield code="a">sa 65010288 </subfield>
  </datafield>
  <datafield tag="025" ind1=" " ind2=" ">
    <subfield code="a">Pl480:I-E-4017</subfield>
  </datafield>
  <datafield tag="035" ind1=" " ind2=" ">
    <subfield code="a">(OCoLC)4839332</subfield>
  </datafield>
  <datafield tag="040" ind1=" " ind2=" ">
    <subfield code="a">DLC</subfield>
    <subfield code="c">NIC</subfield>
    <subfield code="d">OCoLC</subfield>
    <subfield code="d">DLC</subfield>
  </datafield>
  <datafield tag="042" ind1=" " ind2=" ">
    <subfield code="a">premarc</subfield>
  </datafield>
  <datafield tag="050" ind1="0" ind2="0">
    <subfield code="a">AM101</subfield>
    <subfield code="b">.A624 no. 3</subfield>
  </datafield>
  <datafield tag="110" ind1="2" ind2=" ">
    <subfield code="a">Andhra Pradesh Government Museum.</subfield>
  </datafield>
  <datafield tag="245" ind1="1" ind2="0">
    <subfield code="a">Qutub Shahi coins in the Andhra Pradesh Government Museum;</subfield>
    <subfield code="b">[catalogue]</subfield>
    <subfield code="c">By Md. Abdul Wali Khan, keeper of the coins.  General editor: N. Ramesan.</subfield>
  </datafield>
  <datafield tag="260" ind1=" " ind2=" ">
    <subfield code="a">Hyderabad,</subfield>
    <subfield code="b">Govt. of Andhra Pradesh,</subfield>
    <subfield code="c">1961.</subfield>
  </datafield>
  <datafield tag="300" ind1=" " ind2=" ">
    <subfield code="a">vii, 50 p.</subfield>
    <subfield code="b">illus. (part col.) map.</subfield>
    <subfield code="c">33 cm.</subfield>
  </datafield>
  <datafield tag="490" ind1="0" ind2=" ">
    <subfield code="a">Andhra Pradesh Government Museum series,</subfield>
    <subfield code="v">no. 3</subfield>
  </datafield>
  <datafield tag="650" ind1=" " ind2="0">
    <subfield code="a">Numismatics</subfield>
    <subfield code="z">India, South.</subfield>
  </datafield>
  <datafield tag="700" ind1="1" ind2=" ">
    <subfield code="a">Ramesan, N.,</subfield>
    <subfield code="e">ed.</subfield>
  </datafield>
  <datafield tag="810" ind1="1" ind2=" ">
    <subfield code="a">Andhra Pradesh (India).</subfield>
    <subfield code="b">Department of Archaeology.</subfield>
    <subfield code="t">Museum series ;</subfield>
    <subfield code="v">no. 3.</subfield>
  </datafield>
  <datafield tag="999" ind1=" " ind2=" ">
    <subfield code="c">66675</subfield>
    <subfield code="d">66675</subfield>
  </datafield>
</record>
